000 00824cab a2200241 4500
001 WB3411-67
008 090401t1998 xxu||||| |||| 00| 0 eng d
035 _a(Sirsi) u85060
041 _aeng
245 _aLabour supply
260 _c1998
350 _a0
490 _aInland Revenue Press Release
_v(30) 17 March 1998 (2)
520 _aThere is to be a change in the law in the next Finance Bill which will mean that construction workers whose services are supplied by employment agencies will be taxed the same as other employees. The change will take effect from 6 April 1998. Details.
650 _aBUDGET 1998
650 _aCONSTRUCTION WORKERS
650 _aEMPLOYMENT AGENCIES
650 _aFINANCE BILL
650 _aRECRUITMENT AGENCIES
690 _aTAXATION
942 _n0
948 _c19/03/1998
999 _c53477
_d53477